=LDR 00000nam 2200000 4500 =001 INLIS000000000061367 =005 20221011101407 =035 ##$$a 0010-1022000108 =007 ta =008 221011###########################0###### =082 ##$$a 614 =084 ##$$a 614 NUR b =100 #$$a Nurwahidah =245 1#$$a Booklet penatalaksanaan malaria / Nurwahidah =260 ##$$a Mataram :$b Poltekes Kemenkes Mataram,$c 2019 =300 ##$$a vii, 12 halaman ; $c 21 cm =650 #4$$a Malaria-pencegahan =504 ##$$a Bibliografi : Halaman 12 =990 ##$$a 01750175 =990 ##$$a 574/51/2022